Riemannian geometry and geometric analysis
Αποθηκεύτηκε σε:
| Κύριος συγγραφέας: | |
|---|---|
| Μορφή: | Βιβλίο |
| Γλώσσα: | English |
| Δημοσίευση: |
Berlin ; New York :
Springer,
c1998
|
| Έκδοση: | 2nd ed. |
| Σειρά: | Universitext
|
| Θέματα: | |
| Ετικέτες: |
Προσθήκη ετικέτας
Δεν υπάρχουν, Καταχωρήστε ετικέτα πρώτοι!
|
MARC
| LEADER | 00000nam a2200000 i 4500 | ||
|---|---|---|---|
| 001 | 1/15342 | ||
| 008 | 010115s1998 eng d | ||
| 020 | |a 3-540-63654-4 | ||
| 035 | |l 10065365 | ||
| 040 | |a GR-MY-UA |b gre |e aacr | ||
| 041 | 0 | |a eng | |
| 082 | 0 | |a 516.373 | |
| 100 | 1 | |a Jost, Jurgen |d 1956- | |
| 245 | 1 | 0 | |a Riemannian geometry and geometric analysis / |c Jurgen Jost |
| 250 | |a 2nd ed. | ||
| 260 | |a Berlin ; New York : |b Springer, |c c1998 | ||
| 300 | |a xiii, 455 p.; |b ill.; |c 24 cm. | ||
| 490 | 1 | |a Universitext | |
| 504 | |a Includes bibliographical references and index | ||
| 650 | 0 | 0 | |a Geometry, Riemannian. |
| 830 | 0 | |a Universitext | |
| 852 | |a INST |b SAMOS |e 20010115 |h 516.373 JOS |p 005300022389 |q 005300022389 |t BK |y 0 | ||
| 901 | |a BIBL3-2001-1 | ||
| 909 | |a Σ |b 081539 | ||
| 922 | |a 3ΕΛΗ |b 200006 |c ΕΠΕΑΕΚ/ΜΑΘ |d ΚΩΣΤΑΡΑΚΗΣ | ||
| 970 | |a ΚΟΣΙΕΡΗΣ |b ΧΡΗΣΤΟΣ |z 2001/01/15 | ||